[Event "GER-ch U10"]
[Site "Willingen"]
[Date "2004.06.03"]
[Round "9"]
[White "Malici, Nora"]
[Black "Lebeda, Timo"]
[Result "0-1"]
[WhiteElo "912"]
[BlackElo "1205"]
[PlyCount "52"]
[EventDate "2004.06.??"]
[EventType "swiss"]
[EventRounds "11"]
[EventCountry "GER"]
[SourceTitle "EXT 2005"]
[Source "ChessBase"]
[SourceDate "2004.11.15"]
[SourceVersion "1"]
[SourceVersionDate "2004.11.15"]
[SourceQuality "1"]

1. e4 e5 2. Nf3 Nc6 3. Bc4 Bc5 4. d3 Nf6 5. Nc3 0-0 6. 0-0 d6 7. Be3 Bxe3 8. fxe3 Bg4 9. d4 Re8 10. Qd2 h6 11. h3 Bh5 12. a3 exd4 13. exd4 Nxe4 14. Nxe4 Rxe4 15. Bd5 Bxf3 16. Rxf3 Rxd4 17. Bxf7+ Kh8 18. Qc3 Re4 19. Rg3 Nd4 20. Bd5 Ne2+ 21. Kh2 Nxc3 22. Bxe4 Nxe4 23. Rg4 Nf6 24. Rg3 Qe7 25. Rf1 Qe5 26. Rff3 Nh5 0-1

[Event "GER-ch U10"]
[Site "Willingen"]
[Date "2004.05.31"]
[Round "5"]
[White "Malici, Nora"]
[Black "Spangenberg, Romy"]
[Result "0-1"]
[WhiteElo "912"]
[BlackElo "1119"]
[PlyCount "54"]
[EventDate "2004.06.??"]
[EventType "swiss"]
[EventRounds "11"]
[EventCountry "GER"]
[SourceTitle "EXT 2005"]
[Source "ChessBase"]
[SourceDate "2004.11.15"]
[SourceVersion "1"]
[SourceVersionDate "2004.11.15"]
[SourceQuality "1"]

1. e4 e5 2. Nf3 Nf6 3. d3 Nc6 4. Nc3 Bb4 5. Bd2 d5 6. Qe2 d4 7. Nb5 Bxd2+ 8. Qxd2 a6 9. Na3 Be6 10. c3 Qd7 11. Nc4 Bxc4 12. dxc4 dxc3 13. Qxd7+ Nxd7 14. bxc3 Nc5 15. Nd2 0-0 16. Be2 Rfd8 17. Rd1 Rd7 18. Nb3 Rxd1+ 19. Bxd1 Nxe4 20. Bf3 Nxc3 21. Bxc6 bxc6 22. 0-0 Nxa2 23. Nc5 a5 24. Rb1 h6 25. Rb7 a4 26. Rxc7 a3 27. Rxc6 Nc3 0-1

[Event "GER-ch U10"]
[Site "Willingen"]
[Date "2004.05.30"]
[Round "1"]
[White "Malici, Nora"]
[Black "Risius, Philipp"]
[Result "1-0"]
[WhiteElo "912"]
[BlackElo "1264"]
[PlyCount "47"]
[EventDate "2004.06.??"]
[EventType "swiss"]
[EventRounds "11"]
[EventCountry "GER"]
[SourceTitle "EXT 2005"]
[Source "ChessBase"]
[SourceDate "2004.11.15"]
[SourceVersion "1"]
[SourceVersionDate "2004.11.15"]
[SourceQuality "1"]

1. e4 e5 2. Nf3 Nc6 3. d3 Bc5 4. Nc3 Nf6 5. Be3 Bb6 6. d4 exd4 7. Bxd4 Nxd4 8. Nxd4 Bxd4 9. Qxd4 0-0 10. 0-0-0 h6 11. e5 Nh7 12. Bd3 Qg5+ 13. Kb1 g6 14. Nd5 Qd8 15. Nf6+ Nxf6 16. exf6 d6 17. Qh4 h5 18. f3 Be6 19. g4 hxg4 20. fxg4 c5 21. g5 Bxa2+ 22. Kxa2 Qa5+ 23. Kb1 Qb4 24. Qh6 1-0